000 00285nam a22001337a 4500
008 181203b xxu||||| |||| 00| 0 eng d
020 _a9780130478917
041 _aeng
080 _a004
100 _a39
101 _aSHK
245 _aAdvanced Javascript
_cDan.L
942 _2udc
_cBK
999 _c52703
_d52703